000 00437nam a2200181Ia 4500
008 221030s9999 xx 000 0 und d
020 _a8131718298
041 _aEnglish
082 _a105.23
100 _aA. S. Tanenbaum
245 0 _aDistributed Systems Principles & Paradigms
250 _a2nd
260 _bPearson Edcuation
_aNew Delhi
_c2008
300 _a704
650 _aBE Computer
700 _aM. V. Steek
942 _cBK
999 _c5739
_d5739